000 00602nam a2200229Ia 4500
005 20230117114750.0
008 131103s9999 xx 000 0 und d
020 _aSBN 195613228
_cRs.45
040 _aLoreto College
041 _aEnglish
082 _a954
_bNEH
100 _aNehru,Jawaharlal
245 4 _aThe discovery of India
_cJawaharlal Nehru
260 _aCalcutta
_bJawaharlal Nehru Memorial Fund
_c1946
300 _a582 p.
504 _aIncludes index
630 _aIndia - History
650 _aJawaharlal Nehru
651 _aDiscovery of India
850 _aLCLIB
942 _cBK
999 _c8981
_d59460